| 000 | 00853nam a22002417a 4500 | ||
|---|---|---|---|
| 005 | 20110718164325.0 | ||
| 008 | 110718t xxu||||| |||| 00| 0 eng d | ||
| 010 | _aENG-103031 | ||
| 020 |
_a9788184246773 _c295.00 |
||
| 035 | _aEN-86564 | ||
| 037 | _bDBAD/PUB | ||
| 040 |
_aDpl _bEng |
||
| 082 | _a330.05 | ||
| 100 | _929676 | ||
| 245 |
_aTheory and empirics of economics in the current perspective / _cedited by Debnarayan Sarker |
||
| 260 |
_aNew Delhi _bAllied Publishers _c2011 |
||
| 270 |
_a1/13-14 Asaf Ali Road _bNew Delhi _e110002 |
||
| 300 |
_axii,176p. _c24cm (pbk) |
||
| 500 | _aIncludes index | ||
| 700 |
_aSarker, Debnarayan _929668 |
||
| 942 |
_2ddc _cEN _mTHE _h330.05 |
||
| 999 |
_c53978 _d53978 |
||